| 000 | 00526nam a2200193Ia 4500 | ||
|---|---|---|---|
| 005 | 20250923144842.0 | ||
| 008 | 008 250917s9999 xx 000 0 eng d | ||
| 037 | _aTextual | ||
| 040 |
_aDSWL _beng _cDSWL |
||
| 041 |
_aeng _2eng |
||
| 084 |
_aYX.44, N63 _qDSWL |
||
| 245 | 0 | _aPlans and prospects of social welfare 1955-61 | |
| 260 |
_aIndia _bGovt.of India,Publication Divi _c1963 |
||
| 300 | _a254p. | ||
| 365 |
_aINR _b6.50 |
||
| 925 | _g6.50 | ||
| 942 |
_cTEXL _hYX.44, N63 |
||
| 999 |
_c1444170 _d1444170 |
||